Open Source Archaeology. Ethics and Practice (Record no. 25162)
[ view plain ]
| 000 -LEADER | |
|---|---|
| fixed length control field | 00536nam a2200121Ia 4500 |
| 008 - FIXED-LENGTH DATA ELEMENTS--GENERAL INFORMATION | |
| fixed length control field | 220620s9999||||xx |||||||||||||| ||und|| |
| 100 ## - MAIN ENTRY--PERSONAL NAME | |
| Personal name | Wilson, Andrew T.||Edwards, Ben |
| 245 #0 - TITLE STATEMENT | |
| Title | Open Source Archaeology. Ethics and Practice |
| 546 ## - LANGUAGE NOTE | |
| Language note | English[eng] |
| 650 ## - SUBJECT ADDED ENTRY--TOPICAL TERM | |
| Topical term or geographic name entry element | Open Source||Digital Preservation||Reflectance Transformation Imaging||FOSS||Open Data||Archaeology||Ethics||Open Access||Archaeological Data Service||Open-GIS||Photogrammetry||Knowledge Transformation |
| 856 ## - ELECTRONIC LOCATION AND ACCESS | |
| Uniform Resource Identifier | <a href="http://doi.org/10.1515/9783110440171">http://doi.org/10.1515/9783110440171</a> |
| 942 ## - ADDED ENTRY ELEMENTS (KOHA) | |
| Koha item type | E-Books |
| Withdrawn status | Lost status | Damaged status | Not for loan | Home library | Current library | Date acquired | Total Checkouts | Date last seen | Price effective from | Koha item type |
|---|---|---|---|---|---|---|---|---|---|---|
| Kerala University of Digital Sciences, Innovation and Technology Knowledge Centre | Kerala University of Digital Sciences, Innovation and Technology Knowledge Centre | 20/06/2022 | 20/06/2022 | 20/06/2022 | E-Books |